Illinois Football: Top 10 All-Time Leaders - Statistics

General Stats
  • This quiz has been taken 4 times
  • The average score is 19 of 63
Answer Stats
Category # Player Amount % Correct
Tackles 8 Dick Butkus 374
75%
Receiving Yards 1 David Williams 3,392
50%
Sacks 3 Gabe Jacas 22.5
50%
Interceptions T6 Henry Jones 11
50%
Receiving Yards 5 Isaiah Williams 2,304
50%
Passing Yards 10 Jeff George 5,189
50%
Passing Yards 8 Johnny Johnson 5,293
50%
Passing Yards 4 Juice Williams 8,037
50%
Rushing Yards T8 Juice Williams 2,557
50%
Receiving Yards 9 Pat Bryant 2,095
50%
Interceptions T6 Red Grange 11
50%
Passing Yards 7 Wes Lunt 5,900
50%
Receiving Yards 3 A.J. Jenkins 2,432
25%
Interceptions 1 Al Brosky 30
25%
Rushing Yards 3 Antoineo Harris 2,985
25%
Receiving Yards 8 Arrelious Benn 2,221
25%
Receiving Yards 2 Brandon Lloyd 2,583
25%
Rushing Yards 2 Chase Brown 3,206
25%
Interceptions T3 Craig Swoope 13
25%
Tackles 1 Dana Howard 595
25%
Tackles 7 Danny Clark 381
25%
Tackles 3 Darrick Brownlow 483
25%
Sacks T10 Dawuane Smoot 15.5
25%
Interceptions T6 Eugene Wilson 11
25%
Sacks 4 Fred Wakefield 21.0
25%
Interceptions T3 George Donnelly 13
25%
Passing Yards 1 Jack Trudeau 8,725
25%
Receiving Yards 10 Jason Dulick 2,004
25%
Passing Yards 5 Jason Verduzco 7,532
25%
Tackles 6 Jeremy Leman 407
25%
Tackles 10 Jerry Schumacher 370
25%
Sacks T6 Jer'Zhan Newton 18.0
25%
Rushing Yards 5 Jim Grabowski 2,878
25%
Tackles 4 John Gillen 441
25%
Tackles 5 John Holecek 436
25%
Tackles 2 John Sullivan 501
25%
Receiving Yards 7 John Wright 2,284
25%
Passing Yards 9 Jon Beutjer 5,190
25%
Rushing Yards 7 Josh Ferguson 2,586
25%
Sacks T6 Kevin Hardy 18.0
25%
Passing Yards 2 Kurt Kittner 8,722
25%
Interceptions 2 Mike Gow 19
25%
Interceptions T3 Mike Heaven 13
25%
Rushing Yards T8 Mikel Leshoure 2,557
25%
Receiving Yards 6 Mike Martin 2,300
25%
Sacks 5 Mike Poloskey 20.0
25%
Sacks T6 Moe Gardner 18.0
25%
Passing Yards 3 Nathan Scheelhaase 8,568
25%
Sacks T10 Owen Carney Jr. 15.5
25%
Interceptions T9 Phil Knell 10
25%
Rushing Yards 10 Pierre Thomas 2,545
25%
Rushing Yards 1 Robert Holcombe 4,105
25%
Rushing Yards 6 Rocky Harvey 2,711
25%
Interceptions T9 Ron Bess 10
25%
Sacks 2 Scott Davis 23.0
25%
Sacks 1 Simeon Rice 44.5
25%
Tackles 9 Steve Glasson 371
25%
Interceptions T9 Sydney Brown 10
25%
Rushing Yards 4 Thomas Rooks 2,887
25%
Passing Yards 6 Tony Eason 7,031
25%
Interceptions T9 Trevor Starghill 10
25%
Receiving Yards 4 Walter Young 2,382
25%
Sacks T6 Whitney Mercilus 18.0
25%
No matching quizzes found
Score Distribution
Percent of People with Each Score
Percentile by Number Answered
Your Score History
You have not taken this quiz